000 00292nam a22001217a 4500
003 OSt
005 20250710085957.0
008 250710b |||||||| |||| 00| 0 eng d
040 _cDLC
082 _a614.547
_bCHI
245 _aMainstreaming HIV and AIDS in Theological Education
942 _2ddc
_cBK
999 _c4125
_d4125